LDR 00710naa#a2200169#i#450# 001 EN\\bibl\121527 005 20260427145240.1 011 ## _a2414-3995 100 ## _a20260422b2026####ek#y0engy0150####ca 102 ## _aRU 200 1# _aInteractive technologies for teaching public speaking skills in a practical lesson on rhetoric _eJournal article 210 1# _aMoscow _cMoscow University of the Ministry of Internal Affairs of Russia named after V.Ya. Kikot _d2026 215 ## _a2 с. 608 ## _aJournal article _2local 675 ## _aНародное образование. Воспитание. Обучение. Организация досуга. 37 _z 700 #1 _aBorisova _gEkaterina Vladimirovna 856 4# _amosumvd.editorum.ru _u